Arqueología y aleteiología y otros estudios heideggerianos / (Record no. 161720)

MARC details
000 -CABECERA
campo de control de longitud fija 00647nam a2200205 u 4500
005 - FECHA Y HORA DE LA ÚLTIMA TRANSACCIÓN
campo de control 20230523063714.0
008 - ELEMENTOS DE LONGITUD FIJA--INFORMACIÓN GENERAL
campo de control de longitud fija 130215s2008 ag r 000 0 spa d
020 ## - NÚMERO INTERNACIONAL NORMALIZADO PARA LIBROS
Número Internacional Estándar del Libro 9789507866555
035 ## - NÚMERO DE CONTROL DEL SISTEMA
Número de control de sistema UPN01000189617
049 ## - COLECCIÓN
Colección CG
050 #4 - SIGNATURA TOPOGRÁFICA DE LA BIBLIOTECA DEL CONGRESO
Número de clasificación B3279 H4.9
Número de documento/Ítem V5.2
100 1# - ASIENTO PRINCIPAL--NOMBRE PERSONAL
Nombre de persona Vigo, Alejandro G.,
Fechas asociadas al nombre 1958-
9 (RLIN) 33705
245 10 - MENCIÓN DE TÍTULO
Título Arqueología y aleteiología y otros estudios heideggerianos /
Mención de responsabilidad, etc. Alejandro G. Vigo.
260 ## - PUBLICACIÓN, DISTRIBUCIÓN, ETC.
Lugar de publicación, distribución, etc. Buenos Aires :
Nombre del editor, distribuidor, etc. Biblos,
Fecha de publicación, distribución, etc. 2008.
300 ## - DESCRIPCIÓN FÍSICA
Extensión 333 p.
440 #0 - MENCIÓN DE SERIE/ASIENTO SECUNDARIO--TÍTULO
Título Fenomenología y hermenéutica
600 17 - ASIENTO SECUNDARIO DE MATERIA - NOMBRE PERSONAL
Nombre de persona Heidegger, Martin,
Fechas asociadas al nombre 1889-1976
Subdivisión general Crítica e interpretación
Fuente del encabezamiento o término
9 (RLIN) 16058
905 ## - TIPO DE MATERIAL
Tipo de material Libro
Holdings
Estado de retiro Estado de pérdida Fuente del sistema de clasificación o colocación Estado dañado No para préstamo Código de colección Localización permanente Ubicación/localización actual Ubicación en estantería Total de préstamos Clasificación Código de barras Fecha visto por última vez Número de copia Tipo de ítem Koha
    Library of Congress Classification     Colección General Bib. Gregorio Torres Quintero Bib. Gregorio Torres Quintero Planta baja   B3279 H4.9 V5.2 287987 31/12/2020 1 Libro
    Library of Congress Classification     Colección General Bib. Gregorio Torres Quintero Bib. Gregorio Torres Quintero Planta baja   B3279 H4.9 V5.2 287986 31/12/2020 1 Libro
    Library of Congress Classification     Colección General Bib. Gregorio Torres Quintero Bib. Gregorio Torres Quintero Planta baja   B3279 H4.9 V5.2 287988 31/12/2020 1 Libro